| 000 | 00611nam a2200241Ia 4500 | ||
|---|---|---|---|
| 003 | OSt | ||
| 005 | 20220928103951.0 | ||
| 006 | a|||||r|||| 00| 0 | ||
| 007 | ta | ||
| 008 | 220927b |||||||| |||| 00| 0 eng d | ||
| 024 | _a46026 | ||
| 037 | _cTextual | ||
| 040 |
_aSDCL _cSDCL _beng |
||
| 041 |
_2eng _aeng |
||
| 082 | _aO152,1M95:g, M7 | ||
| 100 |
_aNagendra _9391673 |
||
| 245 | 0 | _aSiya Ram Sharan Gupta. | |
| 250 | _a3 | ||
| 260 |
_aNew Delhi _bNational Publishing _c1987 |
||
| 300 |
_a251p _ccm. |
||
| 942 |
_hO152,1M95:g, M7 _cTEXL _2CC |
||
| 999 |
_c723327 _d723327 |
||